00353 a2200109 4500090001500000100001800015245004300033260002800076942002400104999001900128952009600147 c4943d4943 aDr.M.A.Hijazi aMass Communication Theory and Practice aA.ONE PUBbLahorec1989 aNBScBKk001.51 HIJ c347372d347372 001040708CSaCLbCLcCSd2013-08-28l0o001.51 HIJpNBSD-896r2013-08-28w2013-08-28yBK